Teaching tips : a guidebook for the beginning college teacher (Record no. 1093)
[ view plain ]
| 000 -LEADER | |
|---|---|
| fixed length control field | 00606 a2200205 4500 |
| 003 - CONTROL NUMBER IDENTIFIER | |
| control field | OSt |
| 005 - DATE AND TIME OF LATEST TRANSACTION | |
| control field | 20210624050851.0 |
| 008 - FIXED-LENGTH DATA ELEMENTS--GENERAL INFORMATION | |
| fixed length control field | 210624b ||||| |||| 00| 0 eng d |
| 020 ## - INTERNATIONAL STANDARD BOOK NUMBER | |
| International Standard Book Number | 0669067520 |
| 040 ## - CATALOGING SOURCE | |
| Transcribing agency | ALUPE UNIVERSITYT |
| 050 ## - LIBRARY OF CONGRESS CALL NUMBER | |
| Classification number | LB1738 |
| Item number | .M35 1986 |
| 100 ## - MAIN ENTRY--PERSONAL NAME | |
| Personal name | Wilbert James McKeachie |
| 245 ## - TITLE STATEMENT | |
| Title | Teaching tips : a guidebook for the beginning college teacher |
| 250 ## - EDITION STATEMENT | |
| Edition statement | 8th ed. |
| 260 ## - PUBLICATION, DISTRIBUTION, ETC. | |
| Place of publication, distribution, etc. | Lexington, Mass. |
| Name of publisher, distributor, etc. | D.C. Heath |
| Date of publication, distribution, etc. | ©1986 |
| 300 ## - PHYSICAL DESCRIPTION | |
| Extent | xiii, 353 pages ; 21 cm |
| 500 ## - GENERAL NOTE | |
| General note | includes bibliographic details |
| 650 ## - SUBJECT ADDED ENTRY--TOPICAL TERM | |
| Form subdivision | College teaching. |
| 942 ## - ADDED ENTRY ELEMENTS (KOHA) | |
| Source of classification or shelving scheme | |
| Koha item type | Book |
| Suppress in OPAC | MM |
| Withdrawn status | Lost status | Source of classification or shelving scheme | Damaged status | Not for loan | Permanent Location | Current Location | Shelving location | Date acquired | Total Checkouts | Full call number | Barcode | Date last seen | Price effective from | Koha item type | Public note |
|---|---|---|---|---|---|---|---|---|---|---|---|---|---|---|---|
| AU LIBRARY | AU LIBRARY | Open Shelf | 23.06.2021 | LB 1738 .M35 1986 | 28000631 | 23.06.2021 | 23.06.2021 | Book | MM |